| 000 | 00951nam a22003017a 4500 | ||
|---|---|---|---|
| 003 | CHAP | ||
| 005 | 20220817042402.0 | ||
| 008 | 971013s1970 r 00010 d | ||
| 010 | _a43044 | ||
| 011 | _a44016 | ||
| 035 | _a48154 | ||
| 040 | _cCHAP | ||
| 090 | _aFolleto 6988 | ||
| 245 |
_aMéxico en el mañana _b: simposium agricultura |
||
| 260 |
_aMéxico, D.F. : _bSociedad Mexicana de Geografía y Estadística, _c1970 |
||
| 300 | _av | ||
| 500 | _aLa biblioteca tiene: Sesión I. | ||
| 590 |
_aBATCH-UPD _b10 _c20130110 _lUCH01 _h1009 |
||
| 590 |
_aBATCH-UPD _b10 _c20130410 _lUCH01 _h0618 |
||
| 590 |
_aBATCH-UPD _b10 _c20130913 _lUCH01 _h2032 |
||
| 590 |
_aCONVERSION _b10 _c20130109 _lUCH01 _h1324 |
||
| 650 | 1 | 4 |
_aAgricultura _xCongresos. _91373 |
| 650 | 1 | 4 |
_aAgricultura _xCongresos _zMexico. _91377 |
| 650 | 1 | 4 |
_aPolítica agrícola _zMéxico. |
| 901 | _aBK | ||
| 942 | _cFOLL | ||
| 949 |
_aFolleto 6988 _bBC _cFOLL _d-109244 _eTS1 _i48154 _mD _si |
||
| 999 |
_c43044 _d43044 |
||